00749cam a2200205 a 450000100100000000500170001000800410002704000290006808200180009710000320011524500960014726000390024330000210028265000280030365000310033191000330036204900090039595201220040499900170052600001983520200929170146.0820519s1968 sp 000 0bspa d aDO-SdBNPbspacLCdBNPHU a863.64bL579d1 aLeon, María Teresa.9916110aDoña Jimena Díaz de Vivar :bgran señora de todos los deberes /cMaría Teresa Leon. aMadrid :bBiblioteca Nueva,c1968. a212 p. ;c22 cm. 4aNovela española91123 4aLiteratura española9632 aCatalogación derivada / LC aBNGR 001054708MOaGRbGRcCTd2010-07-07iLF1l0o863.64 L579dp19835-10r2020-06-25w2020-06-25y4ZPréstamo en sala c19348d19348